Cómo se hace una investigación

Gespeichert in:
Bibliographische Detailangaben
Hauptverfasser: Blaxter, Loraine (VerfasserIn), Hughes, Christina (VerfasserIn), Tight, Malcolm (VerfasserIn)
Format: Buch
Sprache:Spanisch
Veröffentlicht: Barcelona Gedisa 2000
Ausgabe:1a. ed
Schriftenreihe:Biblioteca de Educación Herramientas Universitarias, 1
Schlagworte:
Tags: Tag hinzufügen
Keine Tags, Fügen Sie den ersten Tag hinzu!

MARC

LEADER 00000nam a2200000 a 4500
001 UCH0022
003 CL-VaPUC
005 20231213123648.0
008 090108e20000000SP |||||||||||||||||spa|d
999 |c 332428  |d 332426 
020 |a 9788474327267 
040 |c Pontificia Universidad Católica de Valparaíso 
082 0 4 |a 001.4  |b BLA  |2 21 
100 0 |a Blaxter, Loraine  |e author  |9 534079 
245 1 0 |a Cómo se hace una investigación 
250 |a 1a. ed 
260 |a Barcelona  |b Gedisa  |c 2000 
300 |a 351 p 
490 0 |a Biblioteca de Educación Herramientas Universitarias, 1 
583 |a last modification  |c 20121217 09:54:20  |k Rodrigo Vera 
650 0 |a Investigación  |9 883899  |x Metodología 
650 0 |a Redacción  |9 477113  |x Informes 
650 0 |a Muestreo (Estadística)  |9 270232 
700 0 |a Hughes, Christina  |e author  |9 534080 
700 0 |a Tight, Malcolm  |e author  |9 534081 
942 |c BK  |2 ddc 
945 |d 20090108 00:00:00  |a rbrito 
952 |0 0  |1 0  |4 0  |6 001_400000000000000_BLA_2000  |7 0  |8 A  |9 420127  |a BIBEDU  |b BIBEDU  |d 2019-11-22  |i 451081K  |o 001.4 BLA 2000  |p 451081K  |r 2019-11-22  |w 2019-11-22  |y BK  |k PSI 
952 |0 0  |1 0  |4 0  |6 001_400000000000000_BLA_2000  |7 0  |8 A  |9 420128  |a BIBEDU  |b BIBEDU  |d 2019-11-22  |i 4510828  |o 001.4 BLA 2000  |p 4510828  |r 2019-11-22  |w 2019-11-22  |y BK  |k PSI 
952 |0 0  |1 0  |2 ddc  |4 0  |6 001_400000000000000_BLA_2000  |7 0  |8 P  |9 420129  |a BIBARQ  |b BIBARQ  |d 2019-11-22  |i 4529618  |o 001.4 BLA 2000  |p 4529618  |r 2025-01-20  |w 2019-11-22  |y BK  |k ARQ 
952 |0 0  |1 0  |4 0  |6 001_400000000000000_BLA_2000  |7 0  |8 R  |9 420130  |a BIBGIM  |b BIBGIM  |d 2019-11-22  |i 4542452  |o 001.4 BLA 2000  |p 4542452  |r 2025-01-15  |w 2019-11-22  |y BK_R  |k SSL 
952 |0 0  |1 0  |4 0  |6 001_400000000000000_BLA_2000  |7 0  |8 A  |9 420131  |a BIBEDU  |b BIBEDU  |d 2019-11-22  |i 4614119  |l 1  |o 001.4 BLA 2000  |p 4614119  |r 2022-11-15  |s 2022-11-08  |w 2019-11-22  |y BK  |k EFI 
952 |0 0  |1 0  |4 0  |6 001_400000000000000_BLA_2000  |7 0  |8 A  |9 420132  |a BIBHIS  |b BIBHIS  |d 2019-11-22  |i 4619293  |l 1  |o 001.4 BLA 2000  |p 4619293  |r 2025-01-20  |s 2024-04-19  |w 2019-11-22  |y BK  |k HIS 
952 |0 0  |1 0  |2 ddc  |4 0  |6 001_400000000000000_BLA_2000  |7 0  |8 A  |9 420133  |a BIBGIM  |b BIBGIM  |d 2019-11-22  |i 4776712  |l 3  |o 001.4 BLA 2000  |p 4776712  |r 2025-01-15  |s 2023-07-10  |w 2019-11-22  |y BK  |k ESU